| 000 | 01108cam a22002771i 4500 | ||
|---|---|---|---|
| 003 | SA-RiAUC | ||
| 005 | 20241026093140.0 | ||
| 008 | 241025s1997 su g 000 0dara c | ||
| 040 |
_aSA-JeALM _bara _cSA-RiAUC _erda |
||
| 050 | 4 | _bG42. 1998 | |
| 082 | 0 | 4 | _a258.4 |
| 090 |
_a258.4 _bغ ا م |
||
| 100 | 1 |
_aالغامدي، علي بن سعيد، _d1367-1442 هجري _eمؤلف. |
|
| 245 | 1 | 0 |
_aاختيارات ابن قدامة الفقهية في أشهر المسائل الخلافية / _cعلي بن سعيد الغامدي. |
| 250 | _aالطبعة الأولى. | ||
| 264 | 1 |
_aالرياض : _bدار طيبة، _c1998 |
|
| 300 |
_a4 مجلد ؛ _c24 سم |
||
| 336 |
_aنص _btxt _2rdacontent _3كتاب |
||
| 337 |
_aبدون وسيط _bn _2rdamedia |
||
| 338 |
_aمجلد _bnc _2rdacarrier |
||
| 600 | 1 | 7 |
_aابن قدامة، عبد الرحمن بن محمد بن أحمد، _d597-682 هجري _2aucnm |
| 650 | 7 |
_aالفقه الإسلامي _xمذاهب _2aucsh |
|
| 650 | 7 |
_aالفقه الحنبلي _2aucsh |
|
| 942 |
_2ddc _cBOOK _n0 |
||
| 949 |
_aSA-JeALM _d241025 _umohamedma123 _n1 |
||
| 999 |
_c1710 _d1710 |
||